000 00414nam a2200181Ia 4500
001 416
005 20260306140516.0
008 260306t2014||||xx |||||||||||||| ||spa||
041 _aESP
082 _a111.8
_bL54
100 _aLevinas, Emmanuel
_eAUT
245 0 _aAlteridad y trascendencia
260 _c2014
300 _a137 páginas :
_c22 cm.
650 _aGEN
654 _aCHU
942 _cLIB
_dJUS
_fJUS
_2ddc
_n
999 _c416
_d416